000 00635nam a22002177a 4500
005 20170124110104.0
010 _a537049
020 _c00.00
035 _a537049
037 _bCen Lib/Ret
040 _aDPL
_bEN
082 _a921
_bKAL
100 _aKale, B. B.
_927819
245 _aMan of crisis /
_cby B. B. Kale
260 _aBombay
_bSindhu Publications
_c1969
270 _bBombay
_aHind Rajisthan Chambers, Oak Lane, Fort
_e400001
300 _aviii,118p. :
_c21cm(Hb)
_bill.
650 _aChavan, Yashwantrao Balwantrao, -- 1914-1984
_927820
650 _aBiography
_97490
942 _2ddc
_cEN
_h921
_mKAL
999 _c129930
_d129930